U.S. Presidents Multiple Choice - Statistics

General Stats
  • This quiz has been taken 57 times
    40 since last reset
  • The average score is 7 of 15
Answer Stats
Question Answer % Correct
Which president served two non-consecutive terms? Grover Cleveland
81%
Which of these presidents did not die of natural causes? William McKinley
78%
Who was the only president never to have been married? James Buchanan
75%
Which president won the most electors in a single presidential election? Ronald Reagan
69%
Which president created the policy of forced removal of Native Americans from the Southeast U.S. to the Indian Territory, known as the Trail of Tears? Andrew Jackson
63%
Who is the only president to be born in California? Richard Nixon
59%
Who was the youngest president to assume office? Theodore Roosevelt
50%
Who was the first president to appear on television? Franklin D. Roosevelt
41%
Who was the first president to be born as a citizen of the United States? Martin Van Buren
41%
Which president presided over the Mexican-American War? James K. Polk
38%
Which president ended Reconstruction by removing the last of the U.S. troops from the South? Rutherford B. Hayes
31%
Which of these presidents never owned slaves? John Adams
28%
Who was the first president to be photographed? John Quincy Adams
25%
Who was the first president to have an African-American as a cabinet secretary? Lyndon B. Johnson
13%
Which President has won the most Grammy Awards? Jimmy Carter
9%
No matching quizzes found
Score Distribution
Percent of People with Each Score
Percentile by Number Answered
Your Score History
You have not taken this quiz since the last reset